[Event "Lugano op 21st"]
[Site "Lugano"]
[Date "2022.11.05"]
[Round "3"]
[White "Schwab, Felix"]
[Black "Bolognese, Leonardo"]
[Result "1/2-1/2"]
[WhiteElo "1957"]
[BlackElo "2044"]
[PlyCount "100"]
[EventDate "2022.11.04"]
[EventType "swiss"]
[EventRounds "5"]
[EventCountry "SUI"]
[SourceTitle "CBM 211 Extra"]
[Source "ChessBase"]
[SourceDate "2023.01.31"]
[SourceVersion "1"]
[SourceVersionDate "2023.01.31"]
[SourceQuality "1"]

1. e4 e5 2. Nf3 Nc6 3. Bc4 Bc5 4. d3 Nf6 5. Nbd2 0-0 6. c3 d6 7. Bb3 Be6 8. Bxe6 fxe6 9. b4 Bb6 10. Nc4 h6 11. 0-0 Ne7 12. a4 c6 13. Nxb6 axb6 14. Be3 Ng4 15. Nh4 Nxe3 16. fxe3 Rxf1+ 17. Qxf1 d5 18. Qf3 Qf8 19. Qg4 Qf6 20. Rf1 Qg5 21. Qxe6+ Kh7 22. Nf5 Nxf5 23. Qxf5+ Qxf5 24. Rxf5 dxe4 25. dxe4 Rxa4 26. Rxe5 Ra3 27. Re7 Rxc3 28. Rxb7 b5 29. Kf2 Rc4 30. Kf3 Rxb4 31. e5 Kg6 32. g4 h5 33. gxh5+ Kf5 34. Rxg7 Rh4 35. Rg6 Rxh5 36. Rxc6 Rh3+ 37. Ke2 Kxe5 38. Kd3 Kd5 39. Rc2 b4 40. Rg2 Ke5 41. Rg4 Rxh2 42. Rxb4 Rh1 43. Rb5+ Ke6 44. Ke4 Rh4+ 45. Kf3 Rh1 46. Kf4 Rh4+ 47. Kg3 Rh1 48. e4 Re1 49. Kf3 Rf1+ 50. Kg4 Re1 1/2-1/2

[Event "Zuoz Engiadina op 24th"]
[Site "Zuoz"]
[Date "2017.10.12"]
[Round "5"]
[White "Schwab, Felix"]
[Black "Rusconi, Benito"]
[Result "1-0"]
[WhiteElo "1938"]
[BlackElo "1927"]
[PlyCount "55"]
[EventDate "2017.10.07"]
[EventType "swiss"]
[EventRounds "7"]
[EventCountry "SUI"]
[SourceTitle "CBM 181 Extra"]
[Source "ChessBase"]
[SourceDate "2017.12.12"]
[SourceVersion "1"]
[SourceVersionDate "2017.12.12"]
[SourceQuality "1"]

1. e4 c5 2. d3 g6 3. Nf3 Bg7 4. g3 Nc6 5. Nbd2 e6 6. Bg2 Nge7 7. 0-0 0-0 8. Re1 d5 9. e5 Qc7 10. Qe2 b5 11. Nf1 d4 12. N1d2 Rb8 13. Ne4 Nxe5 14. Nxe5 Bxe5 15. Nxc5 Bxg3 16. hxg3 Qxc5 17. Bf4 Rb6 18. c3 Nd5 19. cxd4 Qxd4 20. Be5 Qb4 21. Bc3 Qc4 22. Rac1 Bb7 23. a3 Qb3 24. Bf3 b4 25. Bd4 Rb5 26. Qe5 f6 27. Qxe6+ Rf7 28. Qe8+ 1-0

[Event "Zuoz Engiadina op 23rd"]
[Site "Zuoz"]
[Date "2016.10.02"]
[Round "2"]
[White "Hugentobler, Patrick"]
[Black "Schwab, Felix"]
[Result "1-0"]
[WhiteElo "2219"]
[BlackElo "1982"]
[PlyCount "77"]
[EventDate "2016.10.01"]
[EventType "swiss"]
[EventRounds "7"]
[EventCountry "SUI"]
[SourceTitle "EXT 2017"]
[Source "ChessBase"]
[SourceDate "2016.10.25"]
[SourceVersion "1"]
[SourceVersionDate "2016.10.25"]
[SourceQuality "1"]

1. e4 c5 2. Nc3 Nc6 3. Bb5 Nd4 4. Bc4 d6 5. Nge2 g6 6. d3 Bg7 7. 0-0 e6 8. Nxd4 Bxd4 9. Ne2 Bg7 10. f4 Ne7 11. c3 Bd7 12. Bb3 Bc6 13. Ng3 Qd7 14. f5 gxf5 15. Qh5 f4 16. Bxf4 Ng6 17. Bg5 Ba4 18. Qe2 Bxb3 19. Nh5 Rg8 20. Nxg7+ Rxg7 21. Bf6 Rg8 22. axb3 Nf8 23. d4 Qc6 24. Rae1 Rg6 25. Qf3 Rc8 26. d5 Qb6 27. c4 Rc7 28. e5 dxe5 29. Bxe5 Rd7 30. h4 h5 31. Bf6 Rg4 32. Re3 Qc7 33. Qf5 Qd6 34. Qxh5 Rf4 35. Rff3 Ng6 36. Rxe6+ fxe6 37. Qxg6+ Rf7 38. Rxf4 Qxf4 39. Qg8+ 1-0

[Event "Celerina op 10th"]
[Site "Celerina"]
[Date "2016.05.14"]
[Round "2"]
[White "Schwab, Felix"]
[Black "Hasenohr, Benedict"]
[Result "0-1"]
[WhiteElo "1989"]
[BlackElo "2240"]
[PlyCount "58"]
[EventDate "2016.05.14"]
[EventType "swiss"]
[EventRounds "5"]
[EventCountry "SUI"]
[SourceTitle "CBM 172 Extra"]
[Source "ChessBase"]
[SourceDate "2016.06.21"]
[SourceVersion "1"]
[SourceVersionDate "2016.06.21"]
[SourceQuality "1"]

1. e4 e6 2. d4 d5 3. e5 c5 4. c3 Nc6 5. Nf3 Qb6 6. Bd3 cxd4 7. cxd4 Bd7 8. 0-0 Nxd4 9. Nxd4 Qxd4 10. Nc3 a6 11. Re1 Ne7 12. Qf3 Ng6 13. Qg3 Be7 14. Re2 0-0 15. Bd2 Bc6 16. Kh1 Qh4 17. Bxg6 hxg6 18. Qd3 d4 19. Ne4 Bb5 20. Qf3 Bxe2 21. Qxe2 Qh5 22. Qd3 Qxe5 23. Re1 Rfd8 24. f4 Qd5 25. Ng3 Rac8 26. b3 Qb5 27. Qf3 Rc2 28. a4 Qc6 29. Qd3 Bb4 0-1